书目信息 |
| 题名: |
新网络时代下的商贸流通与经济
|
|
| 作者: | 李靖 著 | |
| 分册: | ||
| 出版信息: | 北京 光明日报出版社 2017 |
|
| 页数: | 296页 | |
| 开本: | 26cm | |
| 丛书名: | ||
| 单 册: | ||
| 中图分类: | F724.6 | |
| 科图分类: | ||
| 主题词: | 网络经济--影响--商品流通--研究--中国--现代 | |
| 电子资源: | ||
| ISBN: | 978-7-5194-0851-0 | |
| 000 | 00906nam0 2200229 450 | |
| 001 | 012001004641 | |
| 005 | 20140928162350.0 | |
| 010 | @a978-7-5194-0851-0@dCNY48.00 | |
| 100 | @a20170328d2017 em y0chiy50 ea | |
| 101 | 0 | @achi |
| 102 | @aCN@b110000 | |
| 105 | @ay z 000yy | |
| 106 | @ar | |
| 200 | 1 | @a新网络时代下的商贸流通与经济@9xin wang luo shi dai xia de shang mao liu tong yu jing ji@f李靖著 |
| 210 | @a北京@c光明日报出版社@d2017 | |
| 215 | @a296页@d26cm | |
| 330 | @a本书从网络经济的概述切入,介绍价值和影响、发展规律、对企业的影响,并单独列举出餐饮业、广告业、纺织业及制造流通业等,侧面说明其在市场运行的基本规律。最后两个章节主要挑出已然融入现今生活的几种新兴交易方式,以及商贸中心的建设和发展途径。 | |
| 606 | 0 | @a网络经济@x影响@x商品流通@x研究@y中国@z现代 |
| 690 | @aF724.6@v5 | |
| 701 | 0 | @a李靖@9li jing@4著 |
| 801 | 0 | @aCN@b上海新华@c20180901 |
| 905 | @b1166656-9@dF724.6@e111@f4 | |
| 新网络时代下的商贸流通与经济/李靖著.-北京:光明日报出版社,2017 |
| 296页;26cm |
| ISBN 978-7-5194-0851-0:CNY48.00 |
| 本书从网络经济的概述切入,介绍价值和影响、发展规律、对企业的影响,并单独列举出餐饮业、广告业、纺织业及制造流通业等,侧面说明其在市场运行的基本规律。最后两个章节主要挑出已然融入现今生活的几种新兴交易方式,以及商贸中心的建设和发展途径。 |
| ● |
| 相关链接 |
|
|
|
|
正题名:新网络时代下的商贸流通与经济
索取号:F724.6/111
 
预约/预借
| 序号 | 登录号 | 条形码 | 馆藏地/架位号 | 状态 | 备注 |
| 1 | 1166656 | 211666561 | 第一样本阅览室/ [索取号:F724.6/111] | 在馆 | |
| 2 | 1166657 | 211666570 | 密集书库-海洋学院/ [索取号:F724.6/111] | 在馆 | |
| 3 | 1166658 | 211666589 | 第一借阅区/ [索取号:F724.6/111] | 在馆 | |
| 4 | 1166659 | 211666598 | 第一借阅区/ [索取号:F724.6/111] | 在馆 |